Codes and ciphers: Julius Caesar, the Enigma and the internet (Record no. 9605)
[ view plain ]
| 000 -LEADER | |
|---|---|
| fixed length control field | 00513 a2200157 4500 |
| 020 ## - INTERNATIONAL STANDARD BOOK NUMBER | |
| International Standard Book Number | 0521008905 |
| 040 ## - CATALOGING SOURCE | |
| Original cataloging agency | DLC |
| Language of cataloging | DLC |
| 082 00 - DEWEY DECIMAL CLASSIFICATION NUMBER | |
| Classification number | 652.8 |
| 100 1# - MAIN ENTRY--PERSONAL NAME | |
| Personal name | Churchhouse, R. F. |
| 245 10 - TITLE STATEMENT | |
| Title | Codes and ciphers: Julius Caesar, the Enigma and the internet |
| Remainder of title | Julius Caesar, the Enigma and the internet |
| Statement of responsibility, etc. | R.F. Churchhouse. |
| 260 ## - PUBLICATION, DISTRIBUTION, ETC. | |
| Place of publication, distribution, etc. | Cambridge ; |
| -- | New York : |
| Name of publisher, distributor, etc. | Cambridge University Press, |
| Date of publication, distribution, etc. | 2002. |
| 300 ## - PHYSICAL DESCRIPTION | |
| Extent | x, 240 p. : |
| Other physical details | ill. ; |
| Dimensions | 24 cm. |
| 650 #0 - SUBJECT ADDED ENTRY--TOPICAL TERM | |
| Topical term or geographic name entry element | Cryptography. |
| 650 #0 - SUBJECT ADDED ENTRY--TOPICAL TERM | |
| Topical term or geographic name entry element | Ciphers. |
| 942 ## - ADDED ENTRY ELEMENTS (KOHA) | |
| Koha item type | Book |
| Call number prefix | 652.8 CHU |
| Source of classification or shelving scheme | |
| Withdrawn status | Lost status | Damaged status | Not for loan | Collection code | Permanent Location | Current Location | Shelving location | Date acquired | Source of acquisition | Cost, normal purchase price | Total Checkouts | Full call number | Barcode | Date last seen | Price effective from | Koha item type |
|---|---|---|---|---|---|---|---|---|---|---|---|---|---|---|---|---|
| Central Library (CL) | Central Library (CL) | General Stacks | 10/05/2009 | e-Xpress | 1196.50 | 652.8 CHU | SEECS009620 | 11/14/2012 | 01/05/2017 | Book | ||||||
| Central Library (CL) | Central Library (CL) | General Stacks | 10/05/2009 | e-Xpress | 1196.50 | 652.8 CHU | SEECS009619 | 11/14/2012 | 01/05/2017 | Book |
